Διεθνής περιβαλλοντική πολιτική
Αποθηκεύτηκε σε:
| Άλλοι συγγραφείς: | , |
|---|---|
| Μορφή: | Βιβλίο |
| Γλώσσα: | Greek |
| Δημοσίευση: |
Αθήνα :
Δίσιγμα,
2018.
|
| Θέματα: | |
| Ετικέτες: |
Προσθήκη ετικέτας
Δεν υπάρχουν, Καταχωρήστε ετικέτα πρώτοι!
|
MARC
| LEADER | 00000cam a2200000 a 4500 | ||
|---|---|---|---|
| 001 | 1/118056 | ||
| 008 | 190212s2018####gr ||| ||| |||| ||gre|| | ||
| 020 | |a 9786185242275 | ||
| 040 | |a GR-MyUa |b gre |c GR-MyUa |e AACR2 | ||
| 041 | 0 | |a gre | |
| 082 | 7 | |a 363.7 |2 (23) | |
| 245 | 0 | 0 | |a Διεθνής περιβαλλοντική πολιτική / |c επιμέλεια: Ευάγγελος Μανωλάς, Στυλιανός Ταμπάκης. |
| 260 | |a Αθήνα : |b Δίσιγμα, |c 2018. | ||
| 300 | |a 168 σ. ; |c 24 εκ. | ||
| 504 | |a Περιλαμβάνει βιβλιογραφικές παραπομπές. | ||
| 650 | 0 | |a Environmental management. | |
| 650 | 0 | |a Environmental protection. | |
| 650 | 0 | |a Environmental policy. | |
| 700 | 1 | |a Μανωλάς, Ευάγγελος Ι., |d 1961- |e edt | |
| 700 | 1 | |a Ταμπάκης, Στυλιανός, |e edt | |
| 852 | |a INST |b CHIOS |c EUDOXUS |e 20210204 |h 363.7 ΔΙΕ |p 005200039855 |q 005200039855 |t EDX |y 0 | ||
| 852 | |a INST |b LESVOS |e 20190212 |h 363.7 ΔΙΕ |p 005100060684 |q 005100060684 |t BK |y 0 | ||
| 852 | |a INST |b RHODES |c EUDOXUS |e 20200713 |h 363.7 ΔΙΕ |p 005400041571 |q 005400041571 |t EDX |y 0 | ||
| 920 | |a Εύδοξος |b Παραγγελία |y Χίος-ΤΜΟΔ |z 2021-01 | ||
| 920 | |a Εύδοξος |b Παραγγελία |y Ρόδος-ΤΕΠΑΕΣ |z 2020-07 | ||
| 970 | |a Δημάκη |b Μαρία |z 12-02-2019 | ||